| 000 | 02845cam a2200553 i 4500 | ||
|---|---|---|---|
| 999 |
_c522525 _d522525 |
||
| 001 | 20697201 | ||
| 003 | NUST | ||
| 005 | 20181030113321.0 | ||
| 008 | 181005s2018 pk 100 0durd | ||
| 010 | _a 2018326000 | ||
| 020 | _a9789697576333 | ||
| 025 | _aP-U-2018326000; 19 | ||
| 035 | _a(DLC)20697201 | ||
| 035 | _a(DLC)2018326000 | ||
| 037 | _bLibrary of Congress -- Islamabad Overseas Office | ||
| 038 | _aWASEEM | ||
| 040 |
_aDLC _beng _erda _cDLC |
||
| 042 | _alcode | ||
| 043 | _aa-pk--- | ||
| 050 | 0 | 0 |
_aBL2035.5.R47 _bB35 2015+ |
| 066 |
_c(3 _c(4 |
||
| 082 |
_a297.8 _bMAS |
||
| 111 | 2 |
_6880-01 _aBainulmasālik Ham Āhangī aur Afhām o Tafhīm Kī Ḥikmat-i ʻAmlī _d(2015 : _cIslāmābād, Pakistan) _912446 |
|
| 245 | 1 | 0 |
_6880-02 _aBainulmasālik ham āhangī aur afhām o tafhīm kī ḥikmat-i ʻamlī / _czer-i idārat, Maʻṣūm Yásīnzaʼī, Husunlamīn. |
| 250 |
_6880-03 _aT̤abaʻ-i cahāram. |
||
| 264 | 1 |
_6880-04 _aIslāmābād : _bIqbāl Bainulaqvāmī Idārah barāʼe Taḥqīq va Mukālamah, _c2018. |
|
| 300 |
_a158 pages ; _c22 cm |
||
| 336 |
_atext _btxt _2rdacontent |
||
| 337 |
_aunmediated _bn _2rdamedia |
||
| 338 |
_avolume _bnc _2rdacarrier |
||
| 520 | _aTwo days national conference papers on religious tolerance in Pakistan. | ||
| 546 | _aIn Urdu. | ||
| 650 | 0 |
_aReligious tolerance _zPakistan _vCongresses. _912447 |
|
| 650 | 0 |
_aReligious pluralism _zPakistan _vCongresses. _912448 |
|
| 650 | 0 |
_aIslamic sects _zPakistan _vCongresses. _912449 |
|
| 700 | 1 |
_6880-05 _aYasinzai, Masoom, _d1958- _eeditor. _912450 |
|
| 700 | 1 |
_6880-06 _aAmin, Husnul, _eeditor. _912451 |
|
| 710 | 2 |
_6880-07 _aInternational Islamic University (Islāmābād, Pakistan). _bIqbal International Institute for Research & Dialogue. _97154 |
|
| 880 | 2 |
_6111-01/(3/r _aبينالمسالک هم آهنگى اور افهام و تفهيم کى حکمت عملى _d(2015 : _cاسلامآباد، پاکستان) |
|
| 880 | 1 | 0 |
_6245-02/(3/r _aبينالمسالک هم آهنگى اور افهام و تفهيم کى حکمت عملى / _cزير ادارت، معصوم ىسين زئى، حسن الامين. |
| 880 |
_6250-03/(3/r _aطبع چهارم. |
||
| 880 | 1 |
_6264-04/(3/r _aاسلامآباد : _bاقبال بينالاقوامى اداره برائے تحقيق و مکالمه، _c2018. |
|
| 880 | 1 |
_6700-05/(3/r _aىسين زئى، معصوم، _d1958- |
|
| 880 | 1 |
_6700-06/(3/r _aامين، حسن، |
|
| 880 | 2 |
_6710-07/(3/r _aInternational Islamic University (Islāmābād, Pakistan). _bاقبال بينالاقوامى اداره برائے تحقيق و مکالمه. |
|
| 906 |
_a0 _bibc _corigode _d3 _encip _f20 _gy-nonroman |
||
| 942 |
_2ddc _cBK |
||